Culture Générale - Série 2019 - Statistiques

Statistiques générales
  • Ce quiz a été pris 121 fois
  • Le résultat moyen est 5 sur 10
Statistiques - réponses
Question Réponse % Correct
Complétez l'expression " les grands esprits se .... rencontrent
93%
Comment s'appelle le jeu d'enfants pratiqué dans les cours de récréation d'école où il est question de "terre" et de "ciel" ? marelle
92%
Comment appelle-t-on un jeune scout (8 à 12 ans) ? louveteau
83%
Quelle est la préfecture du département des Pyrénées-Atlantiques ? Pau
75%
Complétez l'expression " bon sang ne saurait ... mentir
67%
Quel département français s'appelait "Seine et Oise" jusqu'en 1968 ? Yvelines
49%
Dans quelle ville de Meurthe-et-Moselle sont fabriquées les plaques d'égout en fonte ? Pont-à-Mousson
33%
Trouvez l'adjectif synonyme de "licencieux, vicieux, graveleux, obscène, lubrique" - 6 lettres commençant par " s " salace
32%
Au Moyen-Âge, désigne la jouissance d'une terre accordée par un seigneur qui en conserve la propriété - 6 lettres commençant par " t " tenure
15%
Dans l'Antiquité, chez les Romains : autel ou sorte de petit sanctuaire destiné au culte des dieux du foyer. - voir photo laraire
3%
Aucun quiz correspondant
Distribution des résultats
% des personnes avec chaque résultat
Percentile par nombre de réponses
Votre historique - résultats
Vous n’avez pas pris ce quiz